| 000 | 01027nam a2200265Ia 4500 | ||
|---|---|---|---|
| 003 | OSt | ||
| 005 | 20221005105830.0 | ||
| 006 | a|||||r|||| 00| 0 | ||
| 007 | ta | ||
| 008 | 221004b |||||||| |||| 00| 0 urd d | ||
| 020 |
_a9788126023783 (hbk) _c625 |
||
| 024 | _a93049 | ||
| 037 |
_b525, 19/03/2009, Vani Prakashan _cTextual |
||
| 040 |
_aCRL _cCRL _burd |
||
| 041 |
_2urd _aurd |
||
| 082 | _aO168,1M96x, 152P9 | ||
| 100 | _aक़ासिमी, अबुल कलाम | ||
| 245 | 0 |
_aइंतिख़ाबे कलाम _b फ़िराक़ गोरखपुरी |
|
| 246 | _aIantiख़ābe kalāma: फ़irāक़ gorakhapurī | ||
| 260 |
_aनई दिल्ली _bसाहित्य अकादमी भारत _c2009 |
||
| 300 |
_a246पृ0 _ccm. |
||
| 650 | _aउर्दू साहित्य | ||
| 942 |
_hO168,1M96x, 152P9 _cTEXL _2cc |
||
| 999 |
_c1017022 _d1017022 |
||